| 000 | 00353 a2200145 4500 | ||
|---|---|---|---|
| 001 | 169731 | ||
| 020 | _a | ||
| 040 | _cMagnum | ||
| 100 | _aSociedade Brasileira de Quimica | ||
| 240 | 1 | 0 |
_aQuimica nova - julho/agosto - v.24 - n.4 _lpor |
| 245 | 1 | 0 | _aQuimica nova - julho/agosto - v.24 - n.4 |
| 362 | 0 | _a1899 | |
| 697 | _aPARADIDATICO | ||
| 942 | _cBK | ||
| 999 |
_c169731 _d169731 |
||